000 00525nam a2200217Ia 4500
003 0100
008 130227s9999 xx 000 0 und d
040 _cARRUPELIB
050 _aBC34.H45
100 _aHenry, D.P.
245 _aMedieval logic and metaphysics
245 _ba modern introduction
260 _aLondon
260 _bHutchinson University Library
260 _C1972
300 _a133p.
300 _b 23 cm
650 _bChristian life
650 _cSick - Prayer-books - English
942 _2lcc
_02
999 _c2909
_d2909